| 000 | 00459nam a22001817a 4500 | ||
|---|---|---|---|
| 003 | MPLRDC | ||
| 005 | 20220104142450.0 | ||
| 008 | 210129b ||||| |||| 00| 0 eng d | ||
| 082 | _a176.4 RUBY c.3 | ||
| 100 | _aL. RUBY | ||
| 245 |
_a思考的诀窍 _c王曼君译 |
||
| 250 | _a初版 | ||
| 260 |
_a _b福德机构文化事业 _c1982 |
||
| 300 | _b平 | ||
| 490 | _a国际畅销文库. 5 | ||
| 650 | _a心理过程--思维 | ||
| 942 |
_cBK _o176.4 RUBY c.3 |
||
| 999 |
_c31116 _d31106 |
||